LEADER 01837nam a2200325 4500 001 000000352221 003 CaOOAMICUS 005 20221111102430.0 008 221111s1741 it a 000 u lat r 026 $e3634 1716 :&i- obpr (3) 1741 (R) 040 $aSeMil$bita 110 2 $aMinori Conventuali.$0(OLS)http://semarc/name/2465 245 10$aConstitutiones urbanae Ordinis fratrum minorum S. Francisci conventualium cum apostolicae sedis decretis ad eamdem religionem seraphicam pertinentibus jussu reverendiss. patris magistri Felicis Angeli Sidori de Hyspello vicarii generalis apostolicis editae, et copiosioribus indicibus locupletatae. 264 1$aVenetiis :$b[s.n.],$c1741. 300 $a[16], 518 [i.e. 520] p., [1] carta di tav. :$bill. ;$c8° 500 $aIniz. e fregi xilogr. 500 $aSegn.: a? A-2I? 2K? 500 $aInsegna xilogr. dell'Ordine sul front. 500 $aCarta di tav. calcogr. con stemma dell'Ordine a carta B2r 500 $aRipetute nella numerazione le p. 399-400 650 4$aFrancescani Conventuali - Regole e costituzioni.$0(OLS)http://semarc/subject/53124 700 11$aSidori, Felice Angelo.$0(OLS)http://semarc/name/116793 850 $aSeMil 852 $aSeMil$W1$xVenegono$y1$m3Z II 20 FA$j235261$B243399$CSeMilBibl$Z2$F243399 $8I 910 0 $aFrati minori conventuali. 941 1 $a10 996 $6245$aConstitutiones urbanae Ordinis fratrum minorum S. Francisci conventualium cum apostolicae sedis decretis ad eamdem religionem seraphicam pertinentibus jussu reverendiss. patris magistri Felicis Angeli Sidori de Hyspello vicarii generalis apostolicis editae, et copiosioribus indicibus locupletatae$9(OLS)http://semarc/title/442018 996 $6264$aVenetiis :$b[s.n.]$9(OLS)http://semarc/publisher/49775 LEADER 01477nam a2200301 i 4500 001 000000065744 003 CaOOAMICUS 005 20210524165242.0 008 981222n1998 it u000 u ita u 013 $a36916 020 $a8801014244 040 $aSeMil$bita 245 00$aDizionario di omiletica /$ca cura di Manlio Sodi, Achille M. Triacca, con la collaborazione di 245 esperti ; presentazione di S. Em. il card. Silvano Piovanelli ; prefazione di Sergio Zavoli. 264 1$aLeumann (Torino) :$bElle Di Ci ;$aGorle :$bVelar,$c1998. 300 $aXIX, 1708 p. ;$c25 cm 650 4$aOmiletica - Enciclopedie e dizionari.$0(OLS)http://semarc/subject/50446 700 1 $aZavoli, Sergio,$d<1923-2020>.$0(OLS)http://semarc/name/19090 700 1 $aSodi, Manlio,$c.$0(OLS)http://semarc/name/180 700 1 $aTriacca, Achille Maria,$c.$0(OLS)http://semarc/name/22 700 1 $aPiovanelli, Silvano,$c.$0(OLS)http://semarc/name/26005 850 $aSeMil 852 $aSeMil$W1$xVenegono$y1$mSL1.P VI 27$j31897$B31897$CSeMilBibl$Z2$F31900 $8I 961 $aAcquisto: Casa editrice 996 $6020$a8801014244$9(OLS)http://semarc/number/43165 996 $6245$aDizionario di omiletica$9(OLS)http://semarc/title/104396 996 $6264$aLeumann (Torino) :$bElle Di Ci$9(OLS)http://semarc/publisher/29809 996 $6264$aGorle :$bVelar$9(OLS)http://semarc/publisher/33489